000 00946cam a2200277 i 4500
001 192174
003 ES-MaACL
005 20250806012736.0
008 221107s2003 deu 000 0 spa d
020 _a3822824917
040 _bspa
_cES-MaACL
080 _a61:001.5(540)
100 1 _aWarrier, Gopi.
_9175778
_eaut
245 1 4 _aLos secretos del ayurveda /
_cGopi Warrier, Dr. Harish Verma y Karen Sullivan.
260 _aKöln :
_bTaschen,
_c2003.
300 _a224 páginas :
_bilustraciones (color) ;
_c14 x 11 cm
500 _aÍndice
650 7 _aMedicina ayurvédica
_2embne
_9160772
700 1 _aVerma, Harish.
_9175779
_eaut
700 1 _aSullivan, Karen.
_9175780
_eaut
852 4 _aES-MaACL
_jN-8128
_bR. 152392
_cDEPOJ
_hDonación: José Lázaro García
_9199456
903 _9234219
_aLázaro García, José
_ednr
942 _cMONOGRAFIA
_n0
999 _c192174
_d192174